| 000 | 00416nam a2200181Ia 4500 | ||
|---|---|---|---|
| 008 | 210210b xxu||||| |||| 00| 0 eng d | ||
| 041 | _aeng | ||
| 082 | _a539/118 | ||
| 100 | _aWHEELER (Harold) | ||
| 245 | _aMarvels of the modern world | ||
| 260 |
_aLondon _bOdhams Press Limited _c |
||
| 300 | _a320 | ||
| 650 | _aworld | ||
| 650 | _amodern | ||
| 650 | _aMarvels | ||
| 690 | _aModern Physics | ||
| 906 | _a009134 | ||
| 999 |
_c126817 _d126817 |
||